Manual de paleografía / (Registro nro. 3439)
[ vista simple ]
| 000 -LEADER | |
|---|---|
| fixed length control field | 01300nam a2200265Ia 4500 |
| 003 - CONTROL NUMBER IDENTIFIER | |
| control field | OSt |
| 005 - DATE AND TIME OF LATEST TRANSACTION | |
| control field | 20200917123347.0 |
| 008 - FIXED-LENGTH DATA ELEMENTS--GENERAL INFORMATION | |
| fixed length control field | 191128s1996 ck gr 000 0 spa d |
| 020 ## - INTERNATIONAL STANDARD BOOK NUMBER | |
| International Standard Book Number | 9586830039 |
| 040 ## - CATALOGING SOURCE | |
| Original cataloging agency | CO-JMCR |
| Transcribing agency | CO-JMCR |
| 041 0# - LANGUAGE CODE | |
| Language code of text/sound track or separate title | spa |
| 082 04 - DEWEY DECIMAL CLASSIFICATION NUMBER | |
| Classification number | 411.7 / |
| Item number | L157m |
| Edition number | 23 |
| 100 1# - MAIN ENTRY--PERSONAL NAME | |
| Personal name | Ladrón de Guevara León, María Mercedes, |
| Relator term | autora |
| 9 (RLIN) | 10361 |
| 245 10 - TITLE STATEMENT | |
| Title | Manual de paleografía / |
| Statement of responsibility, etc. | María Mercedes Ladrón de Guevara León |
| 250 ## - EDITION STATEMENT | |
| Edition statement | Primera edición |
| 260 ## - PUBLICATION, DISTRIBUTION, ETC. | |
| Place of publication, distribution, etc. | Bogotá : |
| Name of publisher, distributor, etc. | Pontificia Universidad Javeriana : Archivo General de la Nación : Centro Editorial Javeriana Ceja, |
| Date of publication, distribution, etc. | 1996. |
| 300 ## - PHYSICAL DESCRIPTION | |
| Extent | 136 páginas ; |
| Dimensions | 33 cm. |
| 504 ## - BIBLIOGRAPHY, ETC. NOTE | |
| Bibliography, etc. note | Incluye bibliografía. |
| 505 0# - FORMATTED CONTENTS NOTE | |
| Formatted contents note | La investigación histórica y las fuentes documentales -- Historia de la lengua -- Historia de la escritura -- Generalidades de la paleografía -- Normas de transcripción de documentos históricos -- Transcripción de documentos |
| 520 0# - SUMMARY, ETC. | |
| Summary, etc. | La paleografía arte de decifrar las escrituras y signos antiguos de un idioma, tiene como finalidad interpretar los manuscritos antiguos y juzgar, según la época, la autenticidad de dichos manuscritos, de ahí su importancia. |
| 650 24 - SUBJECT ADDED ENTRY--TOPICAL TERM | |
| Topical term or geographic name entry element | Paleografía |
| 9 (RLIN) | 10362 |
| 650 24 - SUBJECT ADDED ENTRY--TOPICAL TERM | |
| Topical term or geographic name entry element | Manuales |
| 9 (RLIN) | 5925 |
| 650 24 - SUBJECT ADDED ENTRY--TOPICAL TERM | |
| Topical term or geographic name entry element | Escritura |
| General subdivision | Historia |
| 9 (RLIN) | 10363 |
| 942 ## - ADDED ENTRY ELEMENTS (KOHA) | |
| Source of classification or shelving scheme | Dewey Decimal Classification |
| Koha item type | Books |
| Withdrawn status | Lost status | Source of classification or shelving scheme | Materials specified (bound volume or other part) | Damaged status | Not for loan | Home library | Current library | Shelving location | Date acquired | Source of acquisition | Total Checkouts | Full call number | Barcode | Date last seen | Date last checked out | Copy number | Price effective from | Koha item type |
|---|---|---|---|---|---|---|---|---|---|---|---|---|---|---|---|---|---|---|
| Dewey Decimal Classification | Donación--10/04/2018-- | Biblioteca Pública José María del Castillo y Rada | Biblioteca Pública José María del Castillo y Rada | General Stacks | 11/28/2019 | Donación | 1 | 411.7 / L157m | 201807290 | 08/21/2025 | 08/20/2025 | Ej.1 | 11/28/2019 | Books |